000 00560nam a2200205Ii 4500
003 JO-AjNU
008 230605s9999||||xx |||||||||||||| ||und||
040 _aJO-AjNU
_bara
_erda
_cJO-AjNU
041 _aara
050 1 4 _aAC106.1997
100 3 _aالقزويني،خولة,
_eauthor
_914020
245 0 0 _aمقالات
250 _aط1
264 3 1 _aبيروت:دار الصفوة ،1997
300 _a184ص
336 _atext
_btxt
_2rdacontent
337 _aunmediated
_bn
_2rdamedia
338 _avolume
_bnc
_2rdacarrier
650 4 _aمقالات
_914021
999 _aA3639
_c7207
_d7207